000 00509nam a2200181Ia 4500
003 OSt
005 20230601160318.0
008 210423s1996 xx 000 0 und d
040 _cAL
041 _aeng
082 _a362.1
_223
_bZURR
100 _aZURBRIGG (Shula).
_9118270
245 _aRakkes story: structure of the health and the source of change.
260 _aMadras
_bGeorge Joseph
_c1996
365 _cINR
906 _achange. ; health ; Rakkes ; source ; story: ; structure
942 _2ddc
_cBK
999 _c174716
_d174716